000 00887nam a2200229Ia 4500
003 OSt
005 20220923212411.0
006 a|||||r|||| 00| 0
007 ta
008 220922b |||||||| |||| 00| 0 hin d
024 _a152,623
037 _cTextual
040 _aARTS
_cARTS
_bhin
041 _2hin
_ahin
082 _aN825vD, 152K7
100 _aश्रीवास्तव, धर्मावती
245 0 _aप्राचीन भारत में संगीत
_b वैदिक काल से गुप्त काल तक
246 _aPrāchīn bhārat mean sangīta: vaidik kāl se gupta kāl taka
260 _aवाराणसी
_b भारतीय विद्या प्रकाशन
_c1967
942 _hN825vD, 152K7
_cTEXL
_2CC
999 _c308272
_d308272